000
00314nam a22001337a 4500
999
_c
13878
_d
13878
020
_a
313141782-X
082
_a
612.015
100
_a
J. Koolman & K. H. Roehm
245
_a
Color Atlas of Biochemistry
250
_a
International Edition
260
_a
New York
_b
Thieme
_c
2006
300
_a
467 pages
942
_c
BK